|
|
|
|
| LEADER |
01382nam a2200289 a 4500 |
| 001 |
17137 |
| 003 |
BD-DhAAL |
| 008 |
070207s2008 nyu 001 0 eng d |
| 010 |
|
|
|a \\2007005475
|
| 020 |
|
|
|a 9780815341055 (hardcover)
|
| 020 |
|
|
|a 0815341067
|
| 040 |
|
|
|a DLC
|c DLC
|d DLC
|d BD-DhAAL
|
| 082 |
0 |
0 |
|a 571.6
|2 22
|
| 245 |
1 |
0 |
|a Molecular biology of the cell /
|c Bruce Alberts ... [et al.].
|
| 250 |
|
|
|a Fifth edition.
|
| 260 |
|
|
|a New York :
|b Garland Science,
|c c2008.
|
| 300 |
|
|
|a 1 v. (various pagings) :
|b ill. (some col.) ;
|c 29 cm
|
| 526 |
|
|
|a MNS
|x Professor Naiyyum Choudhury
Department of Mathematics and Natural Sciences
BRAC University
Course Name and No. : BTC 514, BTC 519
|
| 541 |
1 |
|
|e 00017137
|a Dhansere Library
|
| 650 |
|
0 |
|a Cytology.
|
| 650 |
|
0 |
|a Molecular biology.
|
| 700 |
1 |
|
|a Alberts, Bruce.
|
| 852 |
4 |
|
|a Ayesha Abed Library
|c General Stacks
|
| 942 |
|
|
|2 ddc
|c BK
|
| 999 |
|
|
|c 903
|d 903
|
| 952 |
|
|
|0 0
|1 0
|2 ddc
|4 0
|6 571_600000000000000_MOL
|7 0
|9 834
|a BRACUL
|b BRACUL
|c GEN
|d 2009-05-20
|e Dhansere Library
|g 8554.00
|l 28
|m 237
|o 571.6 MOL
|p 3010017137
|r 2026-04-19
|s 2025-10-25
|t 1
|w 2009-05-20
|y BK
|x Koha Inventory 2020 ; Requisitioned by Professor Naiyyum Choudhury for the course no. : BTC 514, BTC 519.
|
| 952 |
|
|
|0 0
|1 0
|2 ddc
|4 0
|6 571_600000000000000_MOL
|7 0
|9 21996
|a JPGSPH
|b JPGSPH
|c GEN
|d 2013-03-10
|e Trim Education
|g 7360.00
|l 0
|o 571.6 MOL
|p 3060026666
|r 2013-03-10
|t 2
|w 2013-03-10
|y BK
|